000 00849nam a2200265Ia 4500
003 GCL
008 140319s9999 xx 000 0 ara d
040 _aGCL /
_cGCL
082 0 4 _aد
_b050
_bد ط
100 1 _aدار الهلال
245 1 0 _aطبيبك الخاص /
_cدار الهلال
260 _a[S.N] :
_bدار الهلال للطباعة والنشر ،
_c1995
300 _a130
490 _aالف كتاب وكتاب
_v0
650 0 4 _aالطب
650 0 4 _aالامراض الوراثية
650 0 4 _aالامراض الجلدية
650 0 4 _aالامراض
650 0 4 _aالامراض الباطنية
650 0 4 _aالامراض التناسلية
650 0 4 _aالامراض النفسية
650 0 4 _aالامراض العقلية
650 0 4 _aالامراض الفسيولوجية
942 _2ddc
_cCF
999 _c26981
_d26981